000 00451nam a22001337a 4500
082 _a823
_bDEV/B
100 _aDEVASSIA, MANU
245 _aBEYOND THE BITTER DAYS: SHORT STORIES THAT ECHO LIFE REALITIES
246 _aBEYOND THE BITTER DAYS: SHORT STORIES THAT ECHO LIFE REALITIES
_bBEYOND THE BITTER DAYS: SHORT STORIES THAT ECHO LIFE REALITIES
260 _aHARYANA
_bWRITERS NEST
_c2025
300 _a114
650 _aENGLISH STORIES
942 _cBK
999 _c9123
_d9123